MARC

LEADER 00000nas a2200000 a 4500
001 ssj0012490
003 WaSeSS
005 20200512172242.0
006 m d
007 cr n
008 050615c19889999dcuqr pss bho 0 a0eng c
010 |a  2007215281 
015 |a GBB5I2597  |2 bnb 
016 7 |a 016006524  |2 Uk 
022 |a 1940-3364  |l 0895-769X  |y 0895-769X 
035 |a (WaSeSS)ssj0012490 
037 |b Heldref Publications, 1319 Eighteenth St., N.W., Washington, DC 20036-1806 
040 |a OCLCS  |b eng  |e pn  |c OCLCS  |d BUF  |d YUS  |d NSD  |d OCLCQ  |d NOC  |d OCLCE  |d MUX  |d HTM  |d CEF  |d OCL  |d OCLCQ  |d UKMGB  |d OCLCQ  |d OCLCA  |d OCLCQ  |d OCLCA  |d COO  |d OCLCO  |d OCLCF  |d OCLCO  |d OCLCQ  |d COO  |d DLC  |d OCLCQ  |d GILDS  |d OCLCO  |d VT2  |d AU@  |d WaSeSS 
042 |a pcc  |a nsdp 
043 |a e-uk---  |a n-us--- 
050 0 0 |a PE1 
082 1 0 |a 820  |2 14 
130 0 |a ANQ (Online) 
222 0 |a ANQ  |b (Online) 
245 1 0 |a ANQ  |h [electronic resource]. 
246 3 |a American notes queries 
246 3 |a American notes and queries 
260 |3 1988- :  |a Lexington, Ky. :  |b [University Press of Kentucky for the Dept. of English, University of Kentucky] 
260 3 |3 <2004->  |a Washington, D.C. :  |b Heldref Publications 
310 |a Quarterly 
362 1 |a Print began with vol. 1, no. 1, new ser. (Jan. 1988). 
500 |a "A quarterly journal of short articles, notes and reviews." 
506 |a License restrictions may limit access. 
588 |a Description based on: Vol. 17, issue 1 (2004) title from title screen (publisher's Web site viewed Sept. 26, 2007). 
588 |a Latest issue consulted: Vol. 30, issue 2 (2017) (Taylor & Francis website, viewed April 19, 2017). 
650 0 |a English philology  |v Periodicals. 
650 0 |a American literature  |x History and criticism  |v Periodicals. 
650 0 |a Motion pictures  |v Periodicals. 
650 6 |a Philologie anglaise  |v Périodiques. 
650 6 |a Cinéma  |v Périodiques. 
650 6 |a Littérature américaine  |x Histoire et critique  |v Périodiques. 
650 7 |a American literature.  |2 fast  |0 (OCoLC)fst00807113 
650 7 |a English philology.  |2 fast  |0 (OCoLC)fst00912245 
650 7 |a Motion pictures.  |2 fast  |0 (OCoLC)fst01027285 
655 0 |a Electronic journals. 
710 2 |a University Press of Kentucky. 
710 2 |a University of Kentucky.  |b Department of English. 
776 0 8 |i Print version:  |t ANQ  |x 0895-769X  |w (DLC) 88645858  |w (OCoLC)16793974 
780 0 0 |t American notes & queries (Online)  |w (DLC) 2011236563  |w (OCoLC)60626759 
850 |a DLC 
856 4 0 |z Full text available from Research Library: 10/01/1997 to 10/31/2010  |u https://search.proquest.com/publication/30243